00682nam a2200205Ia 4500952012700000999001700127003000400144005001700148008004100165020001800206040000900224082001700233100002900250245007600279250001200355260004800367300000900415650001200424942004000436 00102ddc40708GRAaMESbMEScENGd2019-02-20g200.00l0o423.1 MCC/Cp40201r2019-02-20 00:00:00w2019-02-20yBKzGR8R3 c15105d15105OSt20201116153800.0190216s9999||||xx |||||||||||||| ||und|| a9780521634533 coclc a423.1bMCC/C aMccarthy, Michael 96382 0aCambridge International Dictionary Of Phrasal Verbs /cMichael Mccarthy a1st Ed. bCambridge University Press,c2005.aLondon: a381p aEnglish cBK2ddch423.1iMCC/Ck423.1mMCC/C